000 00708cam a2200265 i 4500
999 _c8197
_d8197
001 8197
003 BD-JhCC
005 20180219114617.0
008 820210s1980 bg b b 001 0 eng
020 _cTk45.00
035 _a(BD-JhCC)8197
040 _aDLC
_cDLC
_dDLC
_dBD-JhCC
041 _aeng
050 0 0 _aG93
_b.A44
082 0 0 _a910/.9
_219
_bAHM 1980
100 1 _aAhmad, Nafis,
_d1911-
245 1 0 _aMuslims and the science of geography /
_cNafis Ahmad.
260 _aDacca :
_bUniversity Press,
_c1980.
300 _aviii, 111 p. :
_b3 maps ;
_c22 cm.
500 _aIncludes index.
504 _aBibliography: p. [101]-106.
650 0 _aGeography, Arab.
942 _2ddc
_cBK